Mountain Ranges by Mountains - Statistics

General Stats
  • This quiz has been taken 126 times
  • The average score is 11 of 20
Answer Stats
Hint Answer % Correct
Blanc, Matterhorn, Elger Alps
99%
Everest, K2, Lhotse Himalayas
98%
Massive, Pike's Peak, Elbert Rocky
94%
Cotopaxi, Chimborazo, Aconcagua Andes
91%
Elbrus, Kazbek, Ushba Caucasus
69%
St Helens, Rainier, Hood Cascade
68%
Whitney, Half Dome, Lone Pine Peak Sierra Nevada
64%
Katahdin, Mitchell, Grandfather Appalachian
63%
Foraker, Denali, Russell Alaska
62%
Cook, Tasman, Dixon Southern Alps
57%
M'Goun, Toubkal, Fella Atlas
52%
Azov, Yamantau, Manaraga Ural
52%
Warning, Kosciuszko, Hotham Great Dividing
44%
Hovaria, Pelega, Gerlachovský štít Carpathian
42%
Mir Samir, Noshaq, Buni Zom Hindu Kush
38%
Khan Tengri, Bogda, Jengish Chokusu Tian Shan
38%
Zard-Kuh, Dena, Shaho Zagros
20%
Kilimanjaro, Kenya, Meru Eastern Rift
9%
Pico Posets, Aneto, Perdido Pyranees
3%
Anamudi, Chembra, Kalsubai Western Ghats
1%
No matching quizzes found
Score Distribution
Percent of People with Each Score
Percentile by Number Answered
Your Score History
You have not taken this quiz